000 01118nam a2200313 i 4500
001 192786
003 SpMaBN
005 20250630060256.0
008 230522s2009 sp | |||| 000 f spa
015 _aMON09
017 _aB 1213-2009
_bOficina Depósito Legal Barcelona
020 _a9788467234183
035 _a(OCoLC)733841428
040 _aSpMaBN
_bspa
_cSpMaBN
_erdc
080 _a821.131.1-31"19"
100 1 _aManfredi, Valerio Massimo,
_d1943-
_eaut
_9171114
245 1 3 _aEl ejército perdido /
_cValerio Massimo Manfredi ; traducción de José Ramón Monreal
260 _aBarcelona :
_bCírculo de Lectores,
_c[2009]
300 _a455 páginas ;
_c23 cm
534 _pTraducción de: L'armata perduta
655 7 _aNovelas históricas
_2tgfbne
_9226782
700 1 _982267
_aMonreal, José Ramón,
_d1954-
_etrl
852 _aES-MaACL
_bR.152264
_cDEPOJ
_hDonación: José Lázaro García
_jN-8424
_xCartoné
_9200086
903 _9234219
_aLázaro García, José
_ednr
942 _cMONOGRAFIA
_n0
999 _c192786
_d192786